Un político moderno /
Guardat en:
| Autor principal: | |
|---|---|
| Format: | Text |
| Matèries: | |
| Etiquetes: |
Afegir etiqueta
Sense etiquetes, Sigues el primer a etiquetar aquest registre!
|
MARC
| LEADER | 00000 a a2200000 04500 | ||
|---|---|---|---|
| 001 | 16873 | ||
| 003 | |||
| 040 | |||
| 100 | |a Vecchio Ugalde, Janina del | ||
| 245 | |a Un político moderno / |c Janina del Vecchio Ugalde | ||
| 650 | |a POLITICA | ||
| 650 | |a JEFE DE ESTADO | ||
| 650 | |a LIDERAZGO POLITICO | ||
| 650 | |a EDUCACION | ||
| 650 | |a CULTURA | ||
| 650 | |a CORRUPCION | ||
| 650 | |a POBREZA | ||
| 650 | |a COSTA RICA | ||
| 773 | |g volumen 14, número 1,2,3; páginas 53-54 | ||
| 999 | |c 22938 |d 22938 | ||
